000 00432nam a2200169Ia 4500
008 151213s9999 xx 000 0 und d
020 _a81-21908432
100 _aM. C. Shukla
245 _aBusiness Organization and Management
_cM. C. Shukla
250 _a4th
260 _aNew Delhi
_bS. Chand and Company
_c2000
300 _a5022 p.
650 _aManagement
650 _aManagement
700 _aM. C. Shukla
999 _c3116
_d3116